El orden social cristiano: en los documentos de la jerarquía católica
Guardat en:
| Autor principal: | |
|---|---|
| Format: | Llibre |
| Idioma: | espanyol |
| Publicat: |
Santiago
Club de Lectores
1947
|
| Matèries: | |
| Etiquetes: |
Afegir etiqueta
Sense etiquetes, Sigues el primer a etiquetar aquest registre!
|
MARC
| LEADER | 00000nam a2200000 a 4500 | ||
|---|---|---|---|
| 001 | UCL4112 | ||
| 003 | CL-VaPUC | ||
| 005 | 20230119074133.0 | ||
| 008 | 031231e19470000CL |||||||||||||||||spa|d | ||
| 999 | |c 307055 |d 307053 | ||
| 040 | |c Pontificia Universidad Católica de Valparaíso | ||
| 082 | 0 | 4 | |a 261 |b HUR |2 21 |
| 100 | |a Hurtado Cruchaga, Alberto |e author |9 858078 | ||
| 245 | 1 | 3 | |a El orden social cristiano: en los documentos de la jerarquía católica |
| 260 | |a Santiago |b Club de Lectores |c 1947 | ||
| 300 | |a v | ||
| 583 | |a last modification |c 20031231 00:00:00 |k Rodrigo Vera | ||
| 650 | 0 | |a Doctrina social de la iglesia |9 257333 | |
| 650 | 0 | |a Humanismo |9 256530 | |
| 650 | 0 | |a Cristianismo |9 257361 | |
| 650 | 0 | |a Problemas sociales |9 258537 | |
| 650 | 0 | |a Justicia social |9 314874 | |
| 650 | 0 | |a Trabajo |9 313876 | |
| 650 | 0 | |a Salario |9 379787 | |
| 852 | |a BIBCUR | ||
| 942 | |c BK |2 ddc | ||
| 945 | |d 20031231 00:00:00 |a rbrito | ||
| 952 | |0 0 |1 0 |4 0 |6 261_000000000000000_HUR_1947 |7 0 |8 P |9 372534 |a BIBTEO |b BIBTES |c TEO_FTES |d 2019-11-21 |h v.1 |i 2086549 |o 261 HUR 1947 |p 2086549 |r 2024-01-18 |w 2019-11-21 |y BK |k ICR | ||
| 952 | |0 0 |1 0 |4 0 |6 261_000000000000000_HUR_1947 |7 0 |8 P |9 372535 |a BIBTEO |b BIBTES |c TEO_FTES |d 2019-11-21 |h v.2 |i 2086557 |o 261 HUR 1947 |p 2086557 |r 2024-01-18 |w 2019-11-21 |y BK |k ICR | ||
| 952 | |0 0 |1 0 |4 0 |6 261_000000000000000_HUR_1947 |7 0 |8 P |9 372536 |a BIBTEO |b BIBTES |c TEO_FTES |d 2019-11-21 |h v.1 |i 2101858 |o 261 HUR 1947 |p 2101858 |r 2024-01-18 |w 2019-11-21 |y BK |k ICR | ||
| 952 | |0 0 |1 0 |4 0 |6 261_000000000000000_HUR_1947 |7 0 |8 P |9 372537 |a BIBTEO |b BIBTES |c TEO_FTES |d 2019-11-21 |h v.2 |i 2101920 |o 261 HUR 1947 |p 2101920 |r 2024-01-18 |w 2019-11-21 |y BK |k ICR | ||